Si kecil,penggubah lagu : kumpulan cerpen dan puisi kanak-kanak

Bibliographic Details
Format: Book
Published: Kuala Lumpur : DBP , 1995
Series:Kumpulan cerpen dan kanak-kanak
Subjects:

MARC

LEADER 00000cam a2200000 7i4500
001 0000007678
002 000008248
005 20000330.0
020 |a 9836221808 
090 0 0 |a JF   |b GHA 
245 0 0 |a Si kecil,penggubah lagu :   |b kumpulan cerpen dan puisi kanak-kanak   |c diselenggarakan oleh Ghazali Ngah Azia 
260 |a Kuala Lumpur :   |b DBP ,   |c 1995 
300 |a 113p. :   |b ill. ;   |c 18cm. 
490 0 |a Kumpulan cerpen dan kanak-kanak 
650 0 0 |a Short stories 
999 |a 052575   |b BUKU   |c PINJAMAN   |e PERPUSTAKAAN KOMUNITI PETALING JAYA 
999 |a 052576   |b BUKU   |c PINJAMAN   |e PERPUSTAKAAN KOMUNITI PETALING JAYA